<?xml version="1.0" encoding="UTF-8"?>
<collection xmlns="http://www.loc.gov/MARC21/slim">
 <record>
  <leader>00461nam a22001455a 4500</leader>
  <controlfield tag="001">EEA.libagro000310</controlfield>
  <controlfield tag="005">20140912090125.0</controlfield>
  <controlfield tag="008">130809s1953####sp#a##########000#0#spa#d</controlfield>
  <datafield tag="082" ind1="0" ind2="4">
   <subfield code="a">541.3</subfield>
  </datafield>
  <datafield tag="100" ind1="1" ind2=" ">
   <subfield code="a">Mee, A. J.</subfield>
  </datafield>
  <datafield tag="245" ind1="1" ind2="0">
   <subfield code="a">Química física /</subfield>
   <subfield code="c">A. J. Mee.</subfield>
  </datafield>
  <datafield tag="260" ind1=" " ind2=" ">
   <subfield code="a">Barcelona :</subfield>
   <subfield code="b">Gustavo Gili,</subfield>
   <subfield code="c">c1953.</subfield>
  </datafield>
  <datafield tag="300" ind1=" " ind2=" ">
   <subfield code="a">800 p. :</subfield>
   <subfield code="b">il. ;</subfield>
   <subfield code="c">22 cm.</subfield>
  </datafield>
  <datafield tag="500" ind1=" " ind2=" ">
   <subfield code="a">&quot;Versión de la 4º edición inglesa por Juan Sancho&quot;.</subfield>
  </datafield>
  <datafield tag="859" ind1=" " ind2=" ">
   <subfield code="a">AR-BbBCA</subfield>
   <subfield code="b">BIB. AGRONOMIA</subfield>
   <subfield code="h">541.3</subfield>
   <subfield code="i">M494</subfield>
   <subfield code="p">1956/0046</subfield>
  </datafield>
 </record>
</collection>
